| 000 | 00336nam a22001337a 4500 | ||
|---|---|---|---|
| 005 | 20250926152156.0 | ||
| 008 | 250926b |||||||| |||| 00| 0 eng d | ||
| 020 | _a9780080361512 | ||
| 050 |
_aSF760 _b.A54 PRA |
||
| 245 | _aPRACTICAL ANIMAL HANDLING | ||
| 260 |
_aOXFORD _bPERGAMON PRESS _c1991 |
||
| 300 | _axii,198p | ||
| 942 |
_2lcc _cBK _n0 |
||
| 999 |
_c7771 _d7771 |
||